| 000 | 00433nam a2200181Ia 4500 | ||
|---|---|---|---|
| 001 | 18049 | ||
| 005 | 20260306171602.0 | ||
| 008 | 260306s9999||||xx |||||||||||||| ||und|| | ||
| 041 | _aESP | ||
| 082 |
_a658.4 _bD88 |
||
| 100 |
_aDomínguez Granda, Julio Benjamín _eAUT |
||
| 245 | 0 | _aPastillas gerenciales | |
| 260 | _c2018 | ||
| 300 |
_a295 páginas : _c24 cm. |
||
| 650 | _aGEN | ||
| 654 | _aCAN | ||
| 942 |
_cLIB _dJUS _fJUS _2ddc _n |
||
| 999 |
_c18049 _d18049 |
||